000 00349nam a2200145Ia 4500
008 240729s9999 xx 000 0 und d
022 _a2076-393X
245 0 _aVaccines
260 _aSwitzerland
260 _bMDPI AG
650 _aMedicine
856 _uhttps://doaj.org/toc/b27e1d8088094dbcb581e909b85763fe
942 _2ddc
942 _cDOAJEJ
999 _c73935
_d73935
945 _a1
_bMadushi Gamage
_c1
_dMadushi Gamage